| 000 | 00570nam a2200193 i 4500 | ||
|---|---|---|---|
| 001 | bgj | ||
| 245 | 1 | 0 |
_aLiteratur für Leser : _bZeitschrift für Interpretationspraxis und geschichtliche Texterkenntnis. _chrsg. von Rolf Geißler und Herbert Kaiser. _n1/1978 / |
| 260 |
_aMünchen : _bOldenbourg Verlag, _c1978. |
||
| 300 |
_a122 s. ; _c24 cm. |
||
| 650 | 9 | _aLiteratura | |
| 700 | 1 | _aGEIßLER, Rolf. | |
| 700 | 1 | _aKAISER, Herbert. | |
| 040 | _cBPK | ||
| 041 | 0 | _ager | |
| 044 | _aDEU | ||
| 080 | _a82 | ||
| 942 | _cKS | ||
| 008 | s gw f |000 0 ger | ||
| 999 |
_c49897 _d49897 |
||
| 856 |
_uhttp://koha.tu.koszalin.pl/cgi-bin/koha/opac-detail.pl?biblionumber=49897 _yKatalog online BPK |
||